<?xml version="1.0" encoding="UTF-8"?>
<record
    xmlns:xsi="http://www.w3.org/2001/XMLSchema-instance"
    xsi:schemaLocation="http://www.loc.gov/MARC21/slim http://www.loc.gov/standards/marcxml/schema/MARC21slim.xsd"
    xmlns="http://www.loc.gov/MARC21/slim">

  <leader>00519nam a2200169Ia 4500</leader>
  <controlfield tag="008">230718s9999    xx            000 0 und d</controlfield>
  <datafield tag="020" ind1=" " ind2=" ">
    <subfield code="a">9788184898477</subfield>
  </datafield>
  <datafield tag="041" ind1=" " ind2=" ">
    <subfield code="a">eng</subfield>
  </datafield>
  <datafield tag="082" ind1=" " ind2=" ">
    <subfield code="a">004.16</subfield>
    <subfield code="b">HEN</subfield>
  </datafield>
  <datafield tag="100" ind1=" " ind2=" ">
    <subfield code="a">Henkel J. (Editor)</subfield>
    <subfield code="9">198232</subfield>
  </datafield>
  <datafield tag="245" ind1=" " ind2=" ">
    <subfield code="a">Designing Embedded Processors</subfield>
    <subfield code="b">A Low Power Perspective</subfield>
  </datafield>
  <datafield tag="260" ind1=" " ind2=" ">
    <subfield code="c">2011</subfield>
    <subfield code="b">Springer</subfield>
  </datafield>
  <datafield tag="300" ind1=" " ind2=" ">
    <subfield code="a">550</subfield>
  </datafield>
  <datafield tag="365" ind1=" " ind2=" ">
    <subfield code="c">Rs.</subfield>
    <subfield code="b">750.00</subfield>
  </datafield>
  <datafield tag="700" ind1=" " ind2=" ">
    <subfield code="a">Henkel J. (Editor) &amp; Parameswaran S. (Editor)</subfield>
    <subfield code="9">198233</subfield>
  </datafield>
  <datafield tag="906" ind1=" " ind2=" ">
    <subfield code="d">O:0480926-Dec-2015B:IN 125227-Aug-2015</subfield>
    <subfield code="c">COMP</subfield>
    <subfield code="b">187.5</subfield>
  </datafield>
  <datafield tag="999" ind1=" " ind2=" ">
    <subfield code="c">340811</subfield>
    <subfield code="d">340811</subfield>
  </datafield>
  <datafield tag="952" ind1=" " ind2=" ">
    <subfield code="0">0</subfield>
    <subfield code="1">0</subfield>
    <subfield code="4">0</subfield>
    <subfield code="7">0</subfield>
    <subfield code="a">CCEP</subfield>
    <subfield code="b">CCEP</subfield>
    <subfield code="d">2015-12-26</subfield>
    <subfield code="e">Pradeep Book Distributors</subfield>
    <subfield code="f">COMP</subfield>
    <subfield code="g">562.50</subfield>
    <subfield code="i">IN 1252</subfield>
    <subfield code="l">0</subfield>
    <subfield code="o">004.16</subfield>
    <subfield code="p">CCEP-BK-52018</subfield>
    <subfield code="r">2023-07-18 00:00:00</subfield>
    <subfield code="t">187.5</subfield>
    <subfield code="v">750.00</subfield>
    <subfield code="w">2015-08-27</subfield>
    <subfield code="y">BK</subfield>
    <subfield code="z">052018</subfield>
  </datafield>
</record>
